Organización de las estructuras de dirección: top management
Պահպանված է:
| Հիմնական հեղինակներ: | , |
|---|---|
| Ձևաչափ: | Գիրք |
| Լեզու: | իսպաներեն |
| Հրապարակվել է: |
Madrid
Dunod
1968
|
| Շարք: | Nuevas técnicas de organización de empresas
|
| Խորագրեր: | |
| Ցուցիչներ: |
Ավելացրեք ցուցիչ
Չկան պիտակներ, Եղեք առաջինը, ով նշում է այս գրառումը!
|
MARC
| LEADER | 00000nam a2200000 a 4500 | ||
|---|---|---|---|
| 001 | UCH8206 | ||
| 003 | CL-VaPUC | ||
| 008 | 091127e19680000SP |||||||||||||||||spa|d | ||
| 082 | 0 | 4 | |a 658.4 |b VID |2 21 |
| 100 | 0 | |a Vidal, André |e author |9 544658 | |
| 700 | 0 | |a Beaussier, Jean |e author |9 544659 | |
| 245 | 1 | 0 | |a Organización de las estructuras de dirección: top management |
| 300 | |a 136 p | ||
| 942 | |c BK | ||
| 945 | |d 20091127 00:00:00 |a lazolas | ||
| 260 | |a Madrid |b Dunod |c 1968 | ||
| 650 | 0 | |a Administradores |9 342221 | |
| 650 | 7 | |a GERENTES |2 CL-VaPUC |9 341797 | |
| 650 | 0 | |a Administración de empresas |9 260833 | |
| 650 | 0 | |a Operaciones administrativas |9 335045 | |
| 650 | 0 | |a Obligaciones |9 255578 | |
| 650 | 0 | |a Etica profesional |9 255694 | |
| 583 | |a last modification |c 20091127 00:00:00 |k Rodrigo Vera | ||
| 490 | 0 | |a Nuevas técnicas de organización de empresas | |
| 999 | |c 338440 |d 338438 | ||